MDQL
is popping MORE tags! Check the
thread
!
Quizzes
Events
Quiz Creation
Community
Videos
Private Events
Remove Ads
Sign In
Join for FREE
Feedback
Dark Mode
Quiz Categories
Sports
Geography
Music
Movies
Television
Just For Fun
Miscellaneous
History
Literature
Language
Science
Gaming
Entertainment
Religion
Holiday
For Kids
Quiz Lab
Recent
Popular Today
Quiz Kudos Today
Editor Picks
Curator Picks
Quizzes by...
Day
Popularity
Type
Ratings
Length
Year
Community
Subscriptions
Recent Discussions
Orange Saloon
Badges
Playlists
Quests
Create
Leaderboards
Showdown
Live 5
Trivia Bingo
Activity
Puzzle Library
Sporcle Events
Private Events
Virtual Trivia
Globe League
Become a Host
Pub Owners
SporcleCon
Opinionation
Our Games
Videos
Blog
Mobile Apps
Partnerships
Remove Ads and Go Orange
Feedback
Sports
Athletes
MLB
NBA
NHL
NFL
Soccer
Sports Teams
WWE
NCAA
Football
Premier League
Basketball
Baseball
Hockey
Golf
Tennis
Cricket
Rugby
Auto Racing
Olympics
World Cup
Sports
Athletes
MLB
NBA
NHL
NFL
Soccer
Sports Teams
WWE
NCAA
Football
Premier League
Basketball
Baseball
Hockey
Golf
Tennis
Cricket
Rugby
Auto Racing
Olympics
World Cup
Random Quiz
Search Sporcle
×
Quiz Lab
Quiz Lab
Sports
City
Type in answers that appear in a list
Type in answers that appear in a list
Classic
Best Score? Go Orange.
Kansas City Royals awards Stats
Can you name the Kansas City Royals awards?
By
ROYALGREEK
10m
74 Questions
31 Plays
31 Plays
31 Plays
Comments
Comments
Give Quiz Kudos
Give Quiz Kudos
-
- Ratings
hide this ad
Replay
Link that replays current quiz
Next Quiz
Link to next quiz in quiz playlist
You Got
0%
They Got
Avg Score
87%
Avg Friend Score
Upgrade to see
Score Distribution
Jump to the score distribution portion of the page
Score
0/74
Timer
10:00
0
Plays Today
Hint
Answer
% Correct
Gold Glove
George Brett
100%
Gold Glove
Bret Saberhagen
100%
ALCS MVP
George Brett
100%
Silver Slugger
George Brett
100%
Silver Slugger
George Brett
100%
Silver Slugger
George Brett
100%
MVP
George Brett
100%
World Series MVP
Bret Saberhagen
100%
Cy Young Award
Bret Saberhagen
100%
Cy Young Award
Bret Saberhagen
100%
Gold Glove
Frank White
96.8%
Gold Glove
Frank White
96.8%
Gold Glove
Frank White
96.8%
Gold Glove
Frank White
96.8%
Gold Glove
Frank White
96.8%
Gold Glove
Frank White
96.8%
Gold Glove
Frank White
96.8%
Gold Glove
Frank White
96.8%
Gold Glove
Alex Gordon
96.8%
Gold Glove
Alex Gordon
96.8%
Gold Glove
Salvador Perez
96.8%
Gold Glove
Alex Gordon
96.8%
Gold Glove
Alex Gordon
96.8%
Gold Glove
Salvador Perez
96.8%
Gold Glove
Salvador Perez
96.8%
Gold Glove
Salvador Perez
96.8%
Gold Glove
Alex Gordon
96.8%
Gold Glove
Alex Gordon
96.8%
Gold Glove
Salvador Perez
96.8%
ALCS MVP
Frank White
96.8%
ALCS MVP
Lorenzo Cain
96.8%
Silver Slugger
Frank White
96.8%
Silver Slugger
Salvador Perez
96.8%
Silver Slugger
Salvador Perez
96.8%
World Series MVP
Salvador Perez
96.8%
Gold Glove
Eric Hosmer
93.5%
Gold Glove
Eric Hosmer
93.5%
Hint
Answer
% Correct
Gold Glove
Eric Hosmer
93.5%
Gold Glove
Eric Hosmer
93.5%
Relief Man Award
Dan Quisenberry
93.5%
Relief Man Award
Dan Quisenberry
93.5%
Relief Man Award
Dan Quisenberry
93.5%
Relief Man Award
Dan Quisenberry
93.5%
Relief Man Award
Dan Quisenberry
93.5%
Silver Slugger
Eric Hosmer
93.5%
All-
Star Game MVP
Eric Hosmer
93.5%
Comeback Player of the Year
Mike Moustakas
93.5%
Gold Glove
Willie Wilson
90.3%
Silver Slugger
Willie Wilson
90.3%
Silver Slugger
Willie Wilson
90.3%
Silver Slugger
Billy Butler
90.3%
Cy Young Award
Zack Greinke
90.3%
Rookie of the Year
Carlos Beltran
87.1%
Gold Glove
Alcides Escobar
87.1%
ALCS MVP
Alcides Escobar
87.1%
All-
Star Game MVP
Bo Jackson
87.1%
Gold Glove
Amos Otis
83.9%
Gold Glove
Amos Otis
83.9%
Gold Glove
Amos Otis
83.9%
Silver Slugger
Hal McRae
80.6%
Relief Man Award
Greg Holland
77.4%
Silver Slugger
Kendrys Morales
77.4%
Cy Young Award
David Cone
74.2%
Rookie of the Year
Angel Berroa
71%
Gold Glove
Jermaine Dye
67.7%
Relief Man Award
Jeff Montgomery
67.7%
Rookie of the Year
Lou Piniella
64.5%
Manager of The Year
Tony Pena
64.5%
Rookie of the Year
Bob Hamelin
58.1%
Gold Glove
Al Cowens
58.1%
Gold Glove
Mark Grudzielanek
38.7%
Gold Glove
Bob Boone
32.3%
Silver Slugger
Dean Palmer
32.3%
Silver Slugger
Gary Gaetti
25.8%
Quiz Playlist
Details
Report
Send in Message
Add To Playlist
Classic:
Type in answers that appear in a list
Last Updated: Jul 14, 2019
Quiz Scoreboard
CHALLENGE
Sign Up to Join the Scoreboard
Show All
Scores
Hide
Comments
May contain spoilers
Recently Published
Famous 'C' Women
by xyz_
Entertainment
6m
Holiday 10x10 Sorting Gallery
by lukepisani3
Holiday
15m
Two Season TV Shows II
by 123Four
Television
10m
More to Explore
Quiz From the Vault
Featured Blog Post
14 Easter Pick-up Lines to Find Eggs With
hide this ad
You Might Also Like...
Tags
City Quiz
Award
Kansas City
Royal
Today's Top Quizzes in Sports
Browse Sports
hide this ad
Today's Top Quizzes in City
Browse City
Top Contributed Quizzes in Sports
1
Les meilleurs buteurs des matchs entre le PSG et l’OM
2
Les entraîneurs de l'OM et du PSG au 21e siècle
3
2022 World Cup Stars
4
Players with Multiple 50 Home Run Seasons
5
Les joueurs passés par le PSG et l'OM
6
FIFA Club World Cup Champions
7
Top 10 NHL Goal Scorers of All Time
8
Criteria MLB: Left Handed Sluggers
9
Les joueurs passés par le LOSC et le RC Lens
10
2023 MLB Unique Player Accomplishments
Explore More
Trending Topics
Marvel
Disney
Harry Potter
Anime
Crossword
NBA
Kpop
Country
NFL
Puzzle
Soccer
Pokémon
WWE
The Office
Song
hide this ad
More By:
ROYALGREEK
Quiz
Plays
Rating
Category
Featured
Created
Name NBA All-Star Starters (1990-2019)(For KOT4Q)
2,339
3.20
Sports
Jan 21, 2019
Can you name the NBA 2018-19 Stat Leaders
480
4.50
Sports
Apr 19, 2019
can you name the 2018 nba playoffs starters(for kot4q)
200
3.75
Sports
Mar 9, 2019
NBA Starters 2021-2022
185
1.67
Sports
Apr 30, 2022
what current nba players lead these categories
122
3.67
Sports
Mar 10, 2019
Go to Creator's Profile
Score Distribution
Quiz Creator Spotlight
ROYALGREEK
Follow
Send a Message
Quizzes Created
-
Created Quiz Play Count
-
More By This Creator
Popular Quizzes Today
1
Find the US States - No Outlines Minefield
2
Colored Red Africa Blitz
3
Find the 'City' Movie
4
The Countries of the World
5
Find the US States
6
5x2 Blitz: Bands
7
Find the Countries of Europe - No Outlines Minefield
8
US States
More Sports Quizzes
Liverpool's Premier League XI's of the Decade
Quiz Lab
Trending Quizzes
Colored Red Europe Blitz I
Colored Red Europe Blitz II
Colored Red Africa Blitz II
Colored Red Africa Blitz III
Colored Red Europe Blitz III
Recently Updated
Odd Team Out - Big 4 Players
pecheneg
Quick Pick: 20 Twenties
pecheneg
March Madness Men's Triple Doubles
pecheneg
How Do You Spell That?
pecheneg
Godzilla Movies
pecheneg
Grab Bag: 4-10 Letters
pecheneg
2024 March Madness Bracket
pecheneg
Famous TV Couples
Peacemaker
Champions League XIs: Real Madrid
pecheneg
Largest US Cities 1790-2010
pecheneg
Trending Topics
NBA
Crossword
Disney
Harry Potter
Marvel
Kpop
Anime
NFL
Puzzle
Country
The Office
Pokémon
Soccer
Song
WWE
Your Account Isn't Verified!
In order to create a playlist on Sporcle, you need to verify the email address you used during registration. Go to your
Sporcle Settings
to finish the process.
Report this User
Report this user for behavior that violates our
Community Guidelines
.
Details:
Send Report
Go to the Sporcle.com Mobile Site →
Comments